| 000 | 00569nam a2200157 a 4500 | ||
|---|---|---|---|
| 001 | 000034540 | ||
| 005 | 20200930073745.0 | ||
| 008 | 111006s1890 000 0 spa d | ||
| 040 |
_aDO-SdBNP _bspa _cBNPHU |
||
| 082 |
_axxxxx _bH663i |
||
| 100 | 1 |
_aHinojosa, Eduardo de _959975 |
|
| 245 | 1 | 0 |
_aInfluencia que tuvieron en el derecho público de su patriay singularmente en el derecho penal los filósofos y teólogos españoles, anteriores a nuestro siglo / _cpor Eduardo de Hinojosa. |
| 260 |
_a[s. l. : _bs. n., _c1890]. |
||
| 300 |
_a199 p. ; _c26 cm. |
||
| 049 | _aBNPD | ||
| 999 |
_c34031 _d34031 |
||